Finanční plánování

Finančné plánovanie ako neoddeliteľná súčasť finančného riadenia podniku. Výnosovo-nákladový pohľad na finančné plánovanie. Majetkový pohľad. Príjmovo-výdavkový pohľad. Model rozpočtu na báze výnosov a nákladov. Investičné plánovanie. Zostavovanie rozpočtu a väzba na operatívne plánovanie.

Saved in:
Bibliographic Details
Main Author: Havlíček, Karel
Format: Book Chapter
Language:Czech
Subjects:
Tags: Add Tag
No Tags, Be the first to tag this record!

MARC

LEADER 00000naa a2200000 4500
001 0132510
005 20231129102436.3
041 0 |a cze 
044 |a CZ 
245 1 0 |a Finanční plánování  |c Karel Havlíček 
520 |a Finančné plánovanie ako neoddeliteľná súčasť finančného riadenia podniku. Výnosovo-nákladový pohľad na finančné plánovanie. Majetkový pohľad. Príjmovo-výdavkový pohľad. Model rozpočtu na báze výnosov a nákladov. Investičné plánovanie. Zostavovanie rozpočtu a väzba na operatívne plánovanie. 
610 2 0 |a plánovanie finančné 
610 2 0 |a plán finančný 
610 2 0 |a rozpočty 
610 2 0 |a riadenie finančné 
610 2 0 |a výnosy 
610 2 0 |a náklady 
610 2 0 |a príjmy 
610 2 0 |a výdavky 
610 2 0 |a plán investičný 
100 1 |a Havlíček, Karel